000 00326 a2200133 4500
001 154901
040 _cEscola São Tomás de Aquino
240 1 0 _aChapeuzinho vermelho
_lpor
245 1 0 _aChapeuzinho vermelho
362 0 _a2011
440 1 _aAutêntica
697 _aContos de Fadas e Clássicos da Literatura
942 _cBK
999 _c154901
_d154901